000 00451nam a2200157Ia 4500
008 240729s9999 xx 000 0 und d
022 _a2340-2784
245 0 _aIbérica
260 _aSpain
260 _bAsociación Europea de Lenguas para Fines Específicos
650 _a Philology. Linguistics
650 _aLanguage and Literature
856 _uhttps://doaj.org/toc/0282455465c24c579eb0523933803655
942 _2ddc
942 _cDOAJEJ
999 _c66227
_d66227
945 _a1
_bMadushi Gamage
_c1
_dMadushi Gamage